| 000 | 00759nam a2200241Ia 4500 | ||
|---|---|---|---|
| 005 | 20220617112104.0 | ||
| 008 | 210716s2011 xx 000 0 und d | ||
| 020 | _a9788131758229 | ||
| 040 | _cAIMIT LIBRARY | ||
| 041 | _aeng | ||
| 082 |
_a005.7402 _21 _bSTER |
||
| 100 |
_aStephens, Ryan. _943703 |
||
| 245 |
_aSams teach yourself SQL in one hour a day / _cBy Rayan Stephens, Ron Plew and Arie D Jones. |
||
| 250 | _a1st ed. | ||
| 260 |
_aNew Delhi : _bPearson Education , _c2011. |
||
| 300 |
_a814p. ; _c23 cm. |
||
| 650 |
_aDatabase design _943704 |
||
| 650 |
_aDatabase manipulation _943705 |
||
| 650 |
_aDatabase administration _943706 |
||
| 700 |
_aPlew, Ron. _943707 |
||
| 700 |
_aJones, Arie D. _943708 |
||
| 942 |
_2ddc _cBK _e1st _k005.7402 STER |
||
| 999 |
_c192319 _d192319 |
||